| 000 | 00990cam a22002654a 4500 | ||
|---|---|---|---|
| 001 | 12106088 | ||
| 003 | NUST - PNEC | ||
| 005 | 20170116180832.0 | ||
| 008 | 000714s2001 at a 001 0 eng | ||
| 010 | _a 00058597 | ||
| 020 | _a0534366031 | ||
| 040 |
_aDLC _cLIBRARY _dDLC |
||
| 042 | _apcc | ||
| 050 | 0 | 0 |
_aQA273 _b.B36 2001 |
| 082 | 0 | 0 | _a519.2 BEA |
| 100 | 1 |
_aBean, Michael A., _d1964- |
|
| 245 | 1 | 0 |
_aProbability : the science of uncertainty with applications to investments, insurance, and engineering / _cMichael A. Bean. |
| 260 |
_aAustralia ; _aPacific Grove, CA : _bBrooks/Cole, _cc2001. |
||
| 300 |
_axiii, 448 p. : _bill. ; _c25 cm. |
||
| 500 | _aIncludes index. | ||
| 650 | 0 |
_aProbabilities. _xME, MIS |
|
| 906 |
_a7 _bcbc _corignew _d1 _eocip _f20 _gy-gencatlg |
||
| 942 |
_2ddc _cBK |
||
| 999 |
_c64060 _d64060 |
||